[Event "AUTO-MASTER-1876"]
[Site "http://www.queenalice.com/game.php?id=1183116"]
[Date "2013.5.21"]
[Round "1"]
[White "franchouillard"]
[Black "clovis"]
[Result "1-0"]
[WhiteElo "2088"]
[BlackElo "1973"]

1. e4 e5 2. Nf3 Nc6 3. d4 exd4 4. Nxd4 Bc5 5. Be3 Bxd4 6. Bxd4 Nf6 7. Nc3 O-O 8.
Bxf6 Qxf6 9. Bd3 Re8 10. O-O Nb4 11. a3 Nxd3 12. Qxd3 c6 13. Rad1 d5 14. exd5
Bf5 15. Qd2 Rad8 16. d6 Qg6 17. Rfe1 Bxc2 18. Rxe8+ Rxe8 19. d7 Rd8 20. Re1 Kf8
21. Qe3 Qe6 22. Qc5+ 1-0

[Event "AUTO-MASTER-1876"]
[Site "http://www.queenalice.com/game.php?id=1183117"]
[Date "2013.5.21"]
[Round "1"]
[White "clovis"]
[Black "franchouillard"]
[Result "1-0"]
[WhiteElo "1962"]
[BlackElo "2099"]

1. e4 e6 2. d4 d5 3. exd5 exd5 4. c4 Nf6 5. Nc3 c6 6. Nf3 Be7 7. Bd3 dxc4 8.
Bxc4 O-O 9. O-O Bg4 10. Bg5 Nbd7 11. Re1 Re8 12. Qb3 Rf8 13. Qxb7 Bxf3 14. gxf3
c5 15. d5 Nxd5 16. Bxe7 Nxe7 17. Rad1 1-0

[Event "AUTO-MASTER-1938"]
[Site "http://www.queenalice.com/game.php?id=1213340"]
[Date "2013.8.31"]
[Round "1"]
[White "DeoclecianoB"]
[Black "franchouillard"]
[Result "0-1"]
[WhiteElo "2042"]
[BlackElo "2020"]

1. e4 e6 2. d4 d5 3. exd5 exd5 4. Nf3 Nf6 5. Bg5 Bg4 6. Nbd2 Nbd7 7. Be2 Bd6 8.
O-O O-O 9. c3 c6 10. Bd3 Qc7 11. Qc2 Rfe8 12. Rae1 h6 13. Bh4 Re6 14. Bf5 Bxf5
15. Qxf5 Rae8 16. Bg3 Rxe1 17. Rxe1 Rxe1+ 18. Nxe1 Bxg3 19. fxg3 Nf8 20. g4 Qe7
21. Kf2 Ne6 22. Nef3 Nd7 23. g3 g6 24. Qd3 Ng7 25. Qe3 Qxe3+ 26. Kxe3 h5 27.
gxh5 Nxh5 28. Nb3 b6 29. Nc1 Nhf6 30. Nd3 c5 31. Nde5 Kg7 32. h3 c4 33. Nc6 a5
34. Ne7 Kf8 0-1

[Event "AUTO-MASTER-1938"]
[Site "http://www.queenalice.com/game.php?id=1213341"]
[Date "2013.8.31"]
[Round "1"]
[White "franchouillard"]
[Black "DeoclecianoB"]
[Result "1-0"]
[WhiteElo "2002"]
[BlackElo "2060"]

1. e4 e5 2. Nf3 Nf6 3. Nxe5 d6 4. Nf3 Nxe4 5. d4 d5 6. Bd3 Nc6 7. O-O Bg4 8. c3
Be7 9. h3 Bh5 10. Re1 Nf6 11. Nbd2 O-O 12. Qc2 Bg6 13. Bxg6 fxg6 14. Nf1 Ne4 15.
Ne3 g5 16. Ng4 h5 17. Nge5 Nxe5 18. Nxe5 Rxf2 19. Qb3 Rf6 20. a3 Rb6 21. Qa2 g4
22. Rxe4 gxh3 23. gxh3 Bg5 24. Re1 Bxc1 25. Raxc1 Qg5+ 26. Kh1 Rd8 27. Rg1 Qe3
28. b4 Rf6 29. Qg2 Qe4 30. Qxe4 dxe4 31. Rge1 Rf4 32. Re3 Rd6 33. Rce1 Rdf6 34.
Rxe4 Rf2 35. R4e2 R2f4 36. Nd7 R6f5 37. Nc5 Rf3 38. Re3 1-0

[Event "AUTO-MASTER-1938"]
[Site "http://www.queenalice.com/game.php?id=1213356"]
[Date "2013.8.31"]
[Round "1"]
[White "CCapivara"]
[Black "franchouillard"]
[Result "1/2-1/2"]
[WhiteElo "2143"]
[BlackElo "2043"]

1. e4 e6 2. d4 d5 3. exd5 exd5 4. Nf3 Nf6 5. Bd3 Bd6 6. O-O O-O 7. Bg5 Bg4 8.
Nbd2 Nbd7 9. c3 c6 10. Re1 Qc7 11. Qc2 h6 12. Bxf6 Nxf6 13. h3 Be6 14. Bf5 Bxf5
15. Qxf5 Rae8 16. g4 Bf4 17. h4 Bxd2 18. Nxd2 Qd7 19. Qxd7 Nxd7 20. Kg2 Nf6 21.
f3 Kh7 22. Kg3 Rxe1 23. Rxe1 Re8 24. Rxe8 Nxe8 25. Kf4 Kg6 26. Ke5 Kh7 27. f4
Kg8 28. f5 Kf8 29. g5 hxg5 30. hxg5 Ke7 31. Nb3 b6 32. Nc1 f6+ 33. gxf6+ gxf6+
34. Kf4 Nd6 35. Nd3 Ne4 36. Nb4 1/2-1/2

[Event "AUTO-MASTER-1938"]
[Site "http://www.queenalice.com/game.php?id=1213357"]
[Date "2013.8.31"]
[Round "1"]
[White "franchouillard"]
[Black "CCapivara"]
[Result "0-1"]
[WhiteElo "2071"]
[BlackElo "2133"]

1. e4 d6 2. d4 Nf6 3. Nc3 c6 4. f4 Qa5 5. Bd3 e5 6. fxe5 dxe5 7. dxe5 Ng4 8. Nf3
Bc5 9. Rf1 Be3 10. Qe2 Bxc1 11. Rxc1 Nxe5 12. Nxe5 Qxe5 13. Qf3 O-O 14. Rf2 Be6
15. Kf1 Qxh2 16. g4 Qh6 17. Re1 Nd7 18. e5 Qg5 19. Rh2 h6 20. Bf5 g6 21. Ne4 Qe7
22. Nf6+ Nxf6 23. exf6 Qxf6 24. Be4 Qxf3+ 25. Bxf3 Kg7 26. a3 Rfe8 27. Rhe2 Bc4
0-1

[Event "AUTO-MASTER-1938"]
[Site "http://www.queenalice.com/game.php?id=1213368"]
[Date "2013.8.31"]
[Round "1"]
[White "franchouillard"]
[Black "Ephystos"]
[Result "0-1"]
[WhiteElo "2017"]
[BlackElo "2101"]

1. e4 c5 2. Nf3 d6 3. Bb5+ Nc6 4. O-O Bd7 5. d4 cxd4 6. Nxd4 Nf6 7. Nxc6 bxc6 8.
Bd3 e5 9. Bg5 Be7 10. Nd2 Qc7 11. Nf3 O-O 12. c3 h6 13. Bh4 Rfe8 14. Qc2 Bg4 15.
Nd2 Nxe4 16. Bxe7 Nxd2 17. Qxd2 Qxe7 18. Rae1 d5 19. f3 Bd7 20. Qc2 Rab8 21.
Bh7+ Kh8 22. Bd3 f5 23. b3 e4 24. fxe4 fxe4 25. Qc1 Qc5+ 0-1

[Event "AUTO-MASTER-1938"]
[Site "http://www.queenalice.com/game.php?id=1213369"]
[Date "2013.8.31"]
[Round "1"]
[White "Ephystos"]
[Black "franchouillard"]
[Result "1-0"]
[WhiteElo "2054"]
[BlackElo "2049"]

1. e4 e6 2. d4 d5 3. exd5 exd5 4. Nf3 Nf6 5. Bd3 Bd6 6. O-O O-O 7. Ne5 c6 8. c3
Re8 9. Re1 Qc7 10. f4 Ne4 11. Nd2 Nxd2 12. Bxd2 Nd7 13. Bxh7+ Kf8 14. Qh5 Bxe5
15. fxe5 Re6 16. Bf5 1-0

[Event "AUTO-OPEN-3069"]
[Site "http://www.queenalice.com/game.php?id=1213408"]
[Date "2013.8.31"]
[Round "1"]
[White "franchouillard"]
[Black "RafaelCabral"]
[Result "0-1"]
[WhiteElo "2022"]
[BlackElo "2301"]

1. e4 c5 2. Nf3 Nc6 3. d4 cxd4 4. Nxd4 g6 5. c4 Bg7 6. Be3 Nf6 7. Nc3 Ng4 8.
Qxg4 Nxd4 9. Qd1 e5 10. Bd3 O-O 11. O-O d6 12. Nd5 f5 13. exf5 Nxf5 14. Bd2 Nd4
15. Rc1 Be6 16. Be4 Rf7 17. b3 Qh4 18. Nc3 Raf8 19. Bb1 Rxf2 20. Rxf2 Qxf2+ 21.
Kh1 Qh4 22. Be3 Bh6 23. Bxh6 Qxh6 24. Be4 b6 25. Rb1 Qe3 26. Rc1 Rf2 27. Bd5
Bxd5 28. Nxd5 Qg5 0-1

[Event "AUTO-OPEN-3069"]
[Site "http://www.queenalice.com/game.php?id=1213410"]
[Date "2013.8.31"]
[Round "1"]
[White "franchouillard"]
[Black "Ephystos"]
[Result "0-1"]
[WhiteElo "2050"]
[BlackElo "2295"]

1. e4 c5 2. Nf3 d6 3. Bb5+ Bd7 4. Bxd7+ Qxd7 5. O-O Nc6 6. d4 cxd4 7. Nxd4 Nf6
8. Re1 g6 9. Nc3 Bg7 10. Be3 Ng4 11. Nxc6 Nxe3 12. Rxe3 bxc6 13. Qe2 Rb8 14. b3
O-O 15. Rd1 Qc7 16. Na4 Rb5 17. c4 Rh5 18. h3 Rh4 19. Qf3 Be5 20. Nc3 Qa5 21.
Na4 Kg7 22. Red3 c5 23. Qe2 Qb4 24. Qc2 Rxe4 25. Nc3 Bxc3 26. Rxc3 Rd4 27. Rcd3
e5 28. Kh2 a5 29. f3 a4 30. Rxd4 cxd4 31. Rd3 Qc5 32. Qd1 axb3 33. axb3 d5 34.
cxd5 Qxd5 35. Qc2 f5 36. Qd1 Rd8 37. Kh1 e4 38. fxe4 fxe4 39. Rd2 d3 40. Ra2 d2
41. Qa1+ Kh6 0-1

[Event "AUTO-OPEN-3069"]
[Site "http://www.queenalice.com/game.php?id=1213411"]
[Date "2013.8.31"]
[Round "1"]
[White "Ephystos"]
[Black "franchouillard"]
[Result "1-0"]
[WhiteElo "2185"]
[BlackElo "2075"]

1. e4 e6 2. d4 d5 3. exd5 exd5 4. Bd3 Bd6 5. Ne2 Nf6 6. Bf4 O-O 7. O-O Bg4 8. f3
Be6 9. Nbc3 c6 10. Re1 Be7 11. Ng3 Nbd7 12. Qd2 Re8 13. Nce2 Nf8 14. c3 Qd7 15.
Bg5 h6 16. Bf4 Rac8 17. Be5 Ng6 18. Qc2 Nf8 19. Nf4 Qd8 20. Qd2 Bd6 21. a4 a6
22. a5 Bxe5 23. dxe5 N6d7 24. Nfh5 Nc5 25. Nf6+ Kh8 26. Nxe8 Qxe8 27. Bc2 Rd8
28. b4 Ncd7 29. f4 Bg4 30. h3 1-0

[Event "AUTO-MASTER-1853"]
[Site "http://www.queenalice.com/game.php?id=1215463"]
[Date "2013.9.9"]
[Round "2"]
[White "GMcruz"]
[Black "franchouillard"]
[Result "1-0"]
[WhiteElo "2163"]
[BlackElo "2033"]

1. e4 e6 2. d4 d5 3. Nc3 Bb4 4. e5 c5 5. a3 Bxc3+ 6. bxc3 Ne7 7. Nf3 Bd7 8. Be2
Nbc6 9. O-O O-O 10. a4 c4 11. Ng5 h6 12. Nh3 Ng6 13. Bh5 Nce7 14. f4 Nh8 15. Bg4
Nf5 16. Bxf5 exf5 17. a5 Re8 18. Nf2 Qh4 19. Be3 Re6 20. Qf3 Bc6 21. Nd1 Rae8
22. Bf2 Qd8 23. Ne3 g6 24. Qh3 Kg7 25. Bh4 Qd7 26. Bf6+ Kh7 27. Rf3 Rxf6 28.
exf6 h5 29. Rg3 Qe6 30. Qh4 a6 31. Re1 Qc8 32. Rg5 Qe6 33. Rxh5+ 1-0

[Event "AUTO-MASTER-1853"]
[Site "http://www.queenalice.com/game.php?id=1215464"]
[Date "2013.9.9"]
[Round "2"]
[White "franchouillard"]
[Black "GMcruz"]
[Result "0-1"]
[WhiteElo "2057"]
[BlackElo "2114"]

1. e4 e5 2. Nf3 Nc6 3. d4 exd4 4. Nxd4 Bc5 5. Be3 Qf6 6. c3 Qg6 7. f3 Nge7 8.
Qd2 d5 9. exd5 Nxd5 10. Bd3 Qd6 11. Nb5 Qe7 0-1

[Event "AUTO-MASTER-1853"]
[Site "http://www.queenalice.com/game.php?id=1215467"]
[Date "2013.9.9"]
[Round "2"]
[White "franchouillard"]
[Black "emilio2100"]
[Result "1-0"]
[WhiteElo "2042"]
[BlackElo "2193"]

1. e4 e5 2. Nf3 Nc6 3. d4 exd4 4. Nxd4 Nf6 5. Nxc6 bxc6 6. Bd3 Be7 7. O-O d6 8.
Bg5 Ng4 9. Bxe7 Qxe7 10. Nd2 Qe5 11. g3 Qxb2 12. Nb3 O-O 13. Qd2 Qf6 14. f4 Re8
15. Rae1 Qh6 16. Nd4 Bd7 17. Nf3 Qh5 18. Re2 Qc5+ 19. Kh1 Rab8 20. c3 f6 21. Rb1
Rxb1+ 22. Bxb1 Nh6 23. Nd4 Bg4 24. Re1 Nf7 25. Kg2 Rb8 26. Bd3 Rb6 27. h3 Bd7
28. Qc2 g6 29. Nb3 Qh5 30. g4 Qh6 31. Qf2 Be6 32. Bc2 Bc8 33. Qg3 1-0

[Event "AUTO-MASTER-1853"]
[Site "http://www.queenalice.com/game.php?id=1215468"]
[Date "2013.9.9"]
[Round "2"]
[White "emilio2100"]
[Black "franchouillard"]
[Result "1-0"]
[WhiteElo "2185"]
[BlackElo "2063"]

1. d4 Nf6 2. c4 g6 3. Nc3 d5 4. e3 Bg7 5. Nf3 O-O 6. Qb3 e6 7. Be2 c6 8. O-O
Nbd7 9. Rd1 dxc4 10. Qxc4 Nb6 11. Qb3 Nbd5 12. Qc2 Nxc3 13. bxc3 Qc7 14. e4 Bd7
15. e5 Nd5 16. Ba3 Rfe8 17. Bd6 Qa5 18. Rac1 Rac8 19. c4 Ne7 20. Rb1 b5 21. a4
bxc4 22. Rb7 Qd8 23. Rxa7 Nf5 24. Qxc4 Nxd6 25. exd6 Rf8 26. Ne5 Bxe5 27. dxe5
Rb8 28. a5 Rb5 29. Qc3 Rd5 30. a6 Rxd1+ 31. Bxd1 Qc8 32. Rc7 Qe8 33. a7 1-0

[Event "AUTO-MASTER-1876"]
[Site "http://www.queenalice.com/game.php?id=1216852"]
[Date "2013.9.14"]
[Round "2"]
[White "franchouillard"]
[Black "Neimar_Dantas"]
[Result "1-0"]
[WhiteElo "2057"]
[BlackElo "2114"]

1. e4 c6 2. d4 d5 3. e5 Bf5 4. Bd3 Bxd3 5. Qxd3 e6 6. Nf3 c5 7. Qb5+ Qd7 8.
Qxd7+ Nxd7 9. c3 Ne7 10. O-O Nf5 11. Be3 cxd4 12. Bxd4 b6 13. Nbd2 Bc5 14. Nb3
O-O 15. Nxc5 bxc5 16. Be3 Nxe3 17. fxe3 Rab8 18. b3 f6 19. exf6 Rxf6 20. Ng5 e5
21. Rxf6 gxf6 22. Nf3 Kf7 23. Rd1 Nb6 24. Rf1 Ke6 25. Nh4 a5 26. Rb1 Rd8 27. Nf3
a4 28. b4 cxb4 29. cxb4 Nc4 30. Kf2 a3 31. Rc1 Rb8 32. Ne1 Rxb4 33. Nd3 Rb5 34.
Rc3 f5 35. Rb3 Rxb3 36. Nc5+ Kd6 37. Nxb3 h5 38. Ke2 1-0

[Event "AUTO-MASTER-1876"]
[Site "http://www.queenalice.com/game.php?id=1216853"]
[Date "2013.9.14"]
[Round "2"]
[White "Neimar_Dantas"]
[Black "franchouillard"]
[Result "0-1"]
[WhiteElo "2129"]
[BlackElo "2037"]

1. d4 Nf6 2. Nf3 d5 3. e3 c6 4. Be2 e6 5. O-O Bd6 6. b3 O-O 7. Bb2 Nbd7 8. Nbd2
Qc7 9. c4 Ne4 10. Rc1 Ndf6 11. Ne5 Nxd2 12. Qxd2 Ne4 13. Qc2 f5 14. c5 Be7 15.
Bf3 Bd7 16. Rfd1 Bh4 17. g3 Bf6 18. b4 a6 19. a4 Ng5 20. Bg2 Nf7 21. Qe2 Nxe5
22. dxe5 Bxe5 23. Bxe5 Qxe5 24. f3 Qc7 25. e4 fxe4 26. fxe4 Rae8 27. e5 Rf5 28.
Re1 Ref8 29. Rc3 Qd8 30. Rf3 Rxf3 31. Bxf3 Rf7 32. Rf1 Qf8 33. Bg2 Rxf1+ 34.
Bxf1 Qf5 35. Bg2 Qb1+ 36. Kf2 Qxb4 0-1

[Event "AUTO-MASTER-1876"]
[Site "http://www.queenalice.com/game.php?id=1216854"]
[Date "2013.9.14"]
[Round "2"]
[White "franchouillard"]
[Black "MrGreen"]
[Result "0-1"]
[WhiteElo "2047"]
[BlackElo "2444"]

1. e4 e5 2. Nf3 Nc6 3. d4 exd4 4. Nxd4 Bc5 5. Be3 Qf6 6. c3 Nge7 7. Bc4 d6 8.
O-O O-O 9. Nxc6 Nxc6 10. Bxc5 dxc5 11. Qd5 Qg6 12. Qxc5 Bh3 0-1

[Event "AUTO-MASTER-1876"]
[Site "http://www.queenalice.com/game.php?id=1216855"]
[Date "2013.9.14"]
[Round "2"]
[White "MrGreen"]
[Black "franchouillard"]
[Result "1-0"]
[WhiteElo "2539"]
[BlackElo "2004"]

1. Nf3 d5 2. d4 Nf6 3. Bf4 e6 4. e3 c5 5. Nc3 a6 6. Bd3 c4 7. Be2 Bb4 8. O-O
Bxc3 9. bxc3 O-O 10. Nd2 Nc6 11. Qc1 Qe7 12. Qb2 b5 13. h3 Bb7 14. a4 b4 15.
cxb4 Rfb8 16. b5 axb5 17. axb5 Nd8 18. Bxb8 Rxb8 19. Rfb1 Bc6 20. Qa3 Qxa3 21.
Rxa3 Bb7 22. e4 g6 23. e5 Ne8 24. Ra7 Kg7 25. f4 Kh8 26. Nf1 Ng7 27. Ne3 h5 28.
g4 Ra8 29. Rxa8 Bxa8 30. Ra1 Bb7 31. Ra7 Kh7 32. Bf3 1-0

[Event "AUTO-OPEN-2817"]
[Site "http://www.queenalice.com/game.php?id=1226154"]
[Date "2013.10.21"]
[Round "3"]
[White "hba111"]
[Black "franchouillard"]
[Result "1-0"]
[WhiteElo "2898"]
[BlackElo "2044"]

1. e4 e6 2. d4 d5 3. exd5 exd5 4. Bd3 Bd6 5. Nf3 Nf6 6. O-O O-O 7. Bg5 Bg4 8. h3
Bh5 9. Nbd2 Nbd7 10. c4 c6 11. c5 Bc7 12. Qc2 Bg6 13. Bxg6 fxg6 14. Bh4 Bf4 15.
Bg5 Qc7 16. Bxf4 Qxf4 17. Rae1 Rae8 18. a4 Rf7 19. Rxe8+ Nxe8 20. Re1 Nef6 21.
b4 a6 22. Qd3 Qf5 23. Qxf5 gxf5 24. Ng5 Rf8 25. Re7 Re8 26. Rxe8+ Nxe8 27. Ne6
b5 28. cxb6 Nxb6 29. Nc5 Nc7 30. Kf1 Kf7 31. Ke2 Ke7 32. Nf3 Nc4 33. Ne5 Nxe5
34. dxe5 h6 35. Ke3 g6 36. h4 g5 37. hxg5 hxg5 38. f4 g4 39. g3 Kf7 40. Nb3 Ne6
41. Nd4 1-0

[Event "AUTO-OPEN-2817"]
[Site "http://www.queenalice.com/game.php?id=1226155"]
[Date "2013.10.21"]
[Round "3"]
[White "franchouillard"]
[Black "hba111"]
[Result "0-1"]
[WhiteElo "2052"]
[BlackElo "2891"]

1. e4 e5 2. Nf3 Nc6 3. d4 exd4 4. Nxd4 Qh4 5. Nb5 Qd8 6. Bf4 d6 7. Bc4 a6 8.
N5c3 Nf6 9. O-O Be7 10. f3 O-O 11. Nd5 Nxd5 12. exd5 Ne5 13. Bb3 Re8 14. c4 Bf6
15. Nc3 Bf5 16. Re1 Nd3 17. Rxe8+ Qxe8 18. Qd2 Bd4+ 19. Kf1 Bg6 20. Ba4 Bxc3 21.
Bxe8 Bxd2 0-1